00326nam a22001337a 4500003000400000005001700004008004100021020001500062040000700077100002200084245006000106260001800166300000800184OSt20211015095911.0211015b |||||||| |||| 00| 0 eng d a0931790131 chu akathleen courrier alife after,80: environmental choices we can live with  bamericac1980 a280